Statistics for Geometry Dash Songs by Levels

Click here to take the quiz!

General Stats

  • This quiz has been taken 181 times
  • The average score is 9 of 15

Answer Stats

Level NameLevel Creator/PublisherSong ArtistAnswer% Correct
CataclysmGgB0yDimrain47At the Speed of Light
92%
ICE Carbon Diablo XRoadboseDj-NateClubstep
86%
Sonic WaveSunix/CyclicF-777Sonic Blaster
85%
DeCodeRek3dgeWaterflame-Endgame-
79%
YatagarasuTrusTa, ViPriN and moreGlassSkinned (GLS)The Flawless Wings of Yatagarasu
73%
Black BlizzardKrazyman50CreoDimension
72%
Digital DescentCombined, ViPriN and moreCreoCarnivores
62%
NecropolisIIINePtunEIIIWaterflameTime Machine
62%
Blade of JusticeRicoLP/Manix648+LazerBlitzGoukisanBetrayal of Fear
50%
A Bizzare PhantasmTeam N2GoukisanBetrayal of Fate
49%
Speed RacerZenthicAlphaParagonX9Chaoz Impact
47%
The Ultimate PhaseAndromeda and moreDeemo-RThe Final Phase
47%
AthanatosIIIExenityIII and moreDimrain47The Falling Mysts
45%
GlowyBoldStep/Rob BuckF-777Tuxedo Lightsaber Battle
43%
Fusion ZDiamondSplash, Manix648 and moreXtrullorCorrosive
36%

Score Distribution

Percentile by Number Answered

Percent of People with Each Score

Your Score History

You have not taken this quiz